Are project managers awake to perils of new legislation? (Record no. 59238)
[ view plain ]
| 000 -LEADER | |
|---|---|
| fixed length control field | 01047cab a2200253 4500 |
| 001 - CONTROL NUMBER | |
| control field | ABS60686 |
| 008 - FIXED-LENGTH DATA ELEMENTS--GENERAL INFORMATION | |
| fixed length control field | 090401t1999 xxu||||| |||| 00| 0 eng d |
| 035 ## - SYSTEM CONTROL NUMBER | |
| System control number | (Sirsi) u93482 |
| 041 ## - LANGUAGE CODE | |
| Language code of text/sound track or separate title | eng |
| 100 ## - MAIN ENTRY--PERSONAL NAME | |
| Personal name | MADDEN, P. |
| 245 ## - TITLE STATEMENT | |
| Title | Are project managers awake to perils of new legislation? |
| 260 ## - PUBLICATION, DISTRIBUTION, ETC. | |
| Date of publication, distribution, etc. | 1999 |
| 350 ## - PRICE (NR) (BK AM CF MU VM SE) [OBSOLETE] | |
| Price | 0 |
| 490 ## - SERIES STATEMENT | |
| Series statement | CSM |
| -- | Chartered Surveyor Monthly |
| Volume/sequential designation | 8(9) May 1999, 42-43(2) |
| 520 ## - SUMMARY, ETC. | |
| Summary, etc. | In the first of two articles considers the serious implications of part II of the Housing Grants Construction and Regeneration Act 1996. This act affects almost all construction contracts, yet there is little published advice on the practical implications of this legislation, and what is required of a project manager. |
| 650 ## - SUBJECT ADDED ENTRY--TOPICAL TERM | |
| Topical term or geographic name entry element | BUILT ENVIRONMENT-BUILDING CONTRACT FORMS |
| 650 ## - SUBJECT ADDED ENTRY--TOPICAL TERM | |
| Topical term or geographic name entry element | HOUSING GRANTS CONSTRUCTION AND REGENERATION ACT 1996 |
| 650 ## - SUBJECT ADDED ENTRY--TOPICAL TERM | |
| Topical term or geographic name entry element | PROJECT MANAGERS |
| 650 ## - SUBJECT ADDED ENTRY--TOPICAL TERM | |
| Topical term or geographic name entry element | STANDARD FORMS OF APPOINTMENT |
| 690 ## - LOCAL SUBJECT ADDED ENTRY--TOPICAL TERM (OCLC, RLIN) | |
| Topical term or geographic name as entry element | Project management |
| 9 (RLIN) | 6261 |
| 700 ## - ADDED ENTRY--PERSONAL NAME | |
| Personal name | MILLS, R. |
| 942 ## - ADDED ENTRY ELEMENTS (KOHA) | |
| Suppress in OPAC | 0 |
| 948 ## - LOCAL PROCESSING INFORMATION (OCLC); SERIES PART DESIGNATOR (RLIN) | |
| c (OCLC) | 20/05/1999 |
| Withdrawn status | Lost status | Source of classification or shelving scheme | Damaged status | Not for loan | Home library | Current library | Shelving location | Date acquired | Total Checkouts | Full call number | Barcode | Date last seen | Copy number | Price effective from | Koha item type |
|---|---|---|---|---|---|---|---|---|---|---|---|---|---|---|---|
| Dewey Decimal Classification | London | London | Journal article | 14/09/1999 | ABS60686 | 93482-1001 | 06/08/2019 | 1 | 06/08/2019 | Journal article |